<?xml version="1.0" encoding="UTF-8"?><?xml-stylesheet type="text/xsl" href="static/style.xsl"?><OAI-PMH xmlns="http://www.openarchives.org/OAI/2.0/" xmlns:xsi="http://www.w3.org/2001/XMLSchema-instance" xsi:schemaLocation="http://www.openarchives.org/OAI/2.0/ http://www.openarchives.org/OAI/2.0/OAI-PMH.xsd"><responseDate>2026-04-27T18:12:28Z</responseDate><request verb="GetRecord" identifier="oai:riubu.ubu.es:10259/105" metadataPrefix="marc">https://riubu.ubu.es/oai/request</request><GetRecord><record><header><identifier>oai:riubu.ubu.es:10259/105</identifier><datestamp>2024-05-13T07:57:38Z</datestamp><setSpec>com_10259_2699</setSpec><setSpec>col_10259_2723</setSpec></header><metadata><record xmlns="http://www.loc.gov/MARC21/slim" xmlns:doc="http://www.lyncode.com/xoai" xmlns:xsi="http://www.w3.org/2001/XMLSchema-instance" xmlns:dcterms="http://purl.org/dc/terms/" xsi:schemaLocation="http://www.loc.gov/MARC21/slim http://www.loc.gov/standards/marcxml/schema/MARC21slim.xsd">
<leader>00925njm 22002777a 4500</leader>
<datafield tag="042" ind1=" " ind2=" ">
<subfield code="a">dc</subfield>
</datafield>
<datafield tag="720" ind1=" " ind2=" ">
<subfield code="a">Gómez Cámara, José Rubén</subfield>
<subfield code="e">author</subfield>
</datafield>
<datafield tag="260" ind1=" " ind2=" ">
<subfield code="c">2010</subfield>
</datafield>
<datafield tag="520" ind1=" " ind2=" ">
<subfield code="a">En este trabajo se desarrolla un método para resolver el problema de diseño de rutas, a lo largo de un horizonte de planificación predeterminado, para la recogida de la fracción orgánica residuos urbanos en un entorno rural. El objetivo en este problema es doble: minimizar el coste de las operaciones de rutas y mejorar el nivel de calidad, por lo que se adapta a un problema biobjetivo. &#xd;
Para resolver el problema se diseña un método ad hoc basado en estrategias heurísticas. Éste, sigue las ideas de la estrategia MOAMP, diseñada para problemas multi-objetivo. A continuación, y desde el punto de vista metodológico, se desarrollan estrategias de aceleración para algunos de los procedimientos del método propuesto. Por último, se compara, tanto en instancias reales como ficticias, con una adaptación a este problema, de una variante de un algoritmo genético, conocida como NSGA II</subfield>
</datafield>
<datafield tag="024" ind2=" " ind1="8">
<subfield code="a">http://hdl.handle.net/10259/105</subfield>
</datafield>
<datafield tag="024" ind2=" " ind1="8">
<subfield code="a">10.36443/10259/105</subfield>
</datafield>
<datafield ind1=" " ind2=" " tag="653">
<subfield code="a">Residuos Urbanos</subfield>
</datafield>
<datafield ind1=" " ind2=" " tag="653">
<subfield code="a">Metaheurísticos</subfield>
</datafield>
<datafield ind1=" " ind2=" " tag="653">
<subfield code="a">Búsqueda Tabú</subfield>
</datafield>
<datafield ind1=" " ind2=" " tag="653">
<subfield code="a">Problema Multiobjetivo</subfield>
</datafield>
<datafield ind1=" " ind2=" " tag="653">
<subfield code="a">MOAMP</subfield>
</datafield>
<datafield ind1=" " ind2=" " tag="653">
<subfield code="a">Urban Wastes</subfield>
</datafield>
<datafield ind1=" " ind2=" " tag="653">
<subfield code="a">Metaheuristics</subfield>
</datafield>
<datafield ind1=" " ind2=" " tag="653">
<subfield code="a">Tabu Search</subfield>
</datafield>
<datafield ind1=" " ind2=" " tag="653">
<subfield code="a">Multiobjective Problem</subfield>
</datafield>
<datafield tag="245" ind1="0" ind2="0">
<subfield code="a">Diseño de un sistema de recogida de residuos urbanos: enfoque multiobjetivo y uso de metaheurísticos</subfield>
</datafield>
</record></metadata></record></GetRecord></OAI-PMH>